Využití konceptu subkultur v sociologii sportu

Pojem subkultúra. Výskum subkultúr. Športové subkultúry. Subkultúrny kapitál ako analytický nástroj v sociológii športu.

Enregistré dans:
Détails bibliographiques
Auteur principal: Svoboda, Arnošt
Format: Chapitre de livre
Langue:tchèque
Sujets:
Tags: Ajouter un tag
Pas de tags, Soyez le premier à ajouter un tag!

MARC

LEADER 00000naa a2200000 4500
001 0236987
005 20251210130828.8
041 0 |a cze 
044 |a SK 
245 1 0 |a Využití konceptu subkultur v sociologii sportu  |c Arnošt Svoboda 
520 |a Pojem subkultúra. Výskum subkultúr. Športové subkultúry. Subkultúrny kapitál ako analytický nástroj v sociológii športu. 
610 2 0 |a šport 
610 2 0 |a kultúra 
610 2 0 |a subkultúry 
610 2 0 |a sociológia 
100 1 |a Svoboda, Arnošt